Nonlinear programming analysis and methods

Na minha lista:
Detalhes bibliográficos
Autor principal: Avriel, Mordecai
Formato: Livro
Idioma:inglês
Publicado em: Englewood Cliffs Prentice Hall 1976
Tags: Adicionar Tag
Sem tags, seja o primeiro a adicionar uma tag!

MARC

LEADER 00000nam a2200000 4500
001 c140318
005 20150325105545.3
041 0 |a eng 
044 |a US 
245 1 0 |a Nonlinear programming  |b analysis and methods  |c Mordecai Avriel 
264 1 |a Englewood Cliffs  |b Prentice Hall  |c 1976 
300 |a 512 s. 
100 1 |a Avriel, Mordecai